| 000 | 01039nac a22003377a 4500 | ||
|---|---|---|---|
| 001 | BR9301121 | ||
| 003 | BR-BrBNA | ||
| 005 | 20240105121415.0 | ||
| 008 | 230509b bl.|||m| |||| 00| 0 por d | ||
| 040 |
_aBR-BrBNA _bpor _cBiblioteca Nacional de Agricultura |
||
| 072 | _aF01; H20; H10 | ||
| 090 | _a1590 BR9301121 | ||
| 100 | 1 | _aSantos, J.F. dos | |
| 100 | 1 | _aVieira, J.V. | |
| 100 | 1 | _aPereira, A.S. | |
| 100 | 1 | _aLopes, C.A. | |
| 100 | 1 | _aCharchar, J.M. | |
| 110 | 1 | _aCentro Nacional de Pesquisa de Hortalicas, Brasilia, DF (Brasil) | |
| 245 | 1 | _aCultivo da mandioquinha-salsa (Arracacia xanthorrhiza Bancroft) | |
| 260 | 3 |
_aBrasilia, DF (Brasil): _c1991. |
|
| 300 | _a6 p. | ||
| 490 |
_aInstrucoes Tecnicas do CNPHortalicas (Brazil) _vno. 10 _xISSN 0101-2398 |
||
| 500 | _a11 illus. | ||
| 650 | _aMandioquinha-Salsa | ||
| 650 | _aAdubacao | ||
| 650 | _aPraga de Planta | ||
| 650 | _aDoenca de Planta | ||
| 650 | _aPratica Cultural | ||
| 909 |
_a202312 _bLúcia Elande _c55 _dLúcia Elande |
||
| 942 |
_2AGRIS _n0 _cMS |
||
| 999 |
_c285114 _d285114 |
||